000 00333nam a2200121Ia 4500
008 220217s9999||||xx |||||||||||||| ||und||
082 _a076 ZEA
100 _aZealsmarts
245 0 _aZealsmartsindustrial business quest
260 _aZealsmart
_bChannai
_c2009
300 _a297p.;28cm
_b313
650 _aGENERAL KNOWLEDGE
_93314
999 _c181100
_d181100